| 000 | 00682nam a2200265Ia 4500 | ||
|---|---|---|---|
| 005 | 20260121164928.0 | ||
| 008 | 008 260114s9999 xx 000 0 eng d | ||
| 020 | _a9781402055621 | ||
| 037 | _aEBOOK | ||
| 040 | _aCRL | ||
| 040 | _beng | ||
| 040 | _cCRL | ||
| 041 | _2eng | ||
| 041 | _aeng | ||
| 084 | _qCRL | ||
| 100 |
_aMichael D. Petraglia, Bridget Allchin _91045416 |
||
| 245 | 4 | _aThe Evolution and History of Human Populations in South Asia | |
| 260 | _bSpringer | ||
| 260 | _bSpringer | ||
| 260 | _c2007 | ||
| 856 | _uhttp://link.springer.com/openurl?genre=book&isbn=978-1-4020-5562-1 | ||
| 942 | _cEBOOK | ||
| 999 |
_c1611139 _d1611139 |
||